STN EN ISO 10893-11: 2012 (01 5061) Nedeštruktívne skúšanie oceľových rúr Časť 11 Automatizované ultrazvukové skúšanie zváraných oceľových rúr na zisťovanie pozdĺžnych a/alebo priečnych necelistvostí (ISO 10893-11: 2011)
Táto norma je slovenskou verziou európskej normy EN ISO 10893-11: 2011. Preklad zabezpečil Slovenský ústav technickej normalizácie. Má rovnaké postavenie ako majú oficiálne verzie
| Corporate Author: | |
|---|---|
| Other Authors: | |
| Format: | Book |
| Language: | Slovak English |
| Published: |
Bratislava
Slovenský ústav technickej normalizácie
2012
|
| Subjects: |
MARC
| LEADER | 00000nam a2200000 a 4500 | ||
|---|---|---|---|
| 001 | vtls010452110 | ||
| 003 | SK-MaSNL | ||
| 005 | 20260302012539.0 | ||
| 008 | 130117s xo ka f u 000 0 slo | ||
| 015 | |a SNBN2013 | ||
| 020 | |c (cen. skup. 4) | ||
| 040 | |a SNK |b slo |c SNK |e AACR2 | ||
| 041 | 1 | |a slo |h eng | |
| 044 | |a xo |c SK | ||
| 046 | |a s |m 201209 (účin. ) | ||
| 072 | 7 | |a 669 |x Metalurgia |2 konspekt | |
| 080 | |a 669.14-4 |2 2001 | ||
| 080 | |a 006.7/.8 |2 2001 | ||
| 080 | |a (437.6) 2 2001 |2 1981 | ||
| 080 | |a (4) |2 2001 | ||
| 084 | |a 23.040.10 |2 ICS | ||
| 084 | |a 77.040.20 |2 ICS | ||
| 084 | |a 77.140.75 |2 ICS | ||
| 130 | 0 | |a STN 01 5061 (STN EN ISO 10893-11) |9 654613 | |
| 245 | 1 | 0 | |a STN EN ISO 10893-11: 2012 (01 5061) Nedeštruktívne skúšanie oceľových rúr |n Časť 11 |p Automatizované ultrazvukové skúšanie zváraných oceľových rúr na zisťovanie pozdĺžnych a/alebo priečnych necelistvostí (ISO 10893-11: 2011) |
| 246 | 1 | 0 | |a Nedeštruktívne skúšanie oceľových rúr. Časť 11 |
| 246 | 1 | 0 | |a Automatizované ultrazvukové skúšanie zváraných oceľových rúr na zisťovanie pozdĺžnych a/alebo priečnych necelistvostí (ISO 10893-11: 2011) |
| 246 | 3 | 0 | |a EN ISO 10893-11: 2011 E |
| 246 | 3 | 0 | |a ISO 10893-11: 2011 |
| 260 | |a Bratislava |b Slovenský ústav technickej normalizácie |c 2012 | ||
| 300 | |a 16 s. |b obr. , tab. |c 30 cm | ||
| 500 | |a Súbežný názov v angličtine, francúzštine, nemčine | ||
| 500 | |a Táto norma nahrádza STN EN ISO 10893-11 z októbra 2011, ktorá od 1.10.2011 nahradila STN EN 10246-8 z októbra 2002 a TN EN 10246-9 z apríla 2003 v celom rozsahu | ||
| 500 | |a Spracovateľ SZTZ Bratislava, Elena Košáryová | ||
| 504 | |a Citované normy, súvisiace právne predpisy s. 2 | ||
| 520 | 8 | |a Táto norma je slovenskou verziou európskej normy EN ISO 10893-11: 2011. Preklad zabezpečil Slovenský ústav technickej normalizácie. Má rovnaké postavenie ako majú oficiálne verzie | |
| 540 | |a STN vydané na akomkoľvek nosiči sa môžu rozmnožovať a rozširovať iba so súhlasom určenej právnickej osoby |b SÚTN Bratislava |c zákon 264/1999 Z. z. | ||
| 650 | 0 | 7 | |a oceľové výrobky |2 SNKPH |9 74128 |
| 650 | 0 | 7 | |a technické normy a štandardy |z Slovensko |2 SNKPH |9 79594 |
| 650 | 0 | 7 | |a technické normy a štandardy |z krajiny Európskej únie |2 SNKPH |9 289341 |
| 650 | 0 | 7 | |a skúšanie mechanických vlastností materiálov |2 SNKPH |9 67997 |
| 650 | 0 | 7 | |a Steel |2 SNKPHeng |9 298535 |
| 650 | 0 | 7 | |a Testing of mechanical properties of materials |2 SNK |9 135341 |
| 655 | 7 | |a normy |2 SNKPH |9 70643 | |
| 700 | 1 | |a Košáryová, Elena |4 trl |9 415817 | |
| 710 | 2 | |a SZTZ (Bratislava, Slovensko) |4 aut |9 321685 | |
| 710 | 2 | |a Slovenský ústav technickej normalizácie (Bratislava, Slovensko). |b Technická komisia č. 45 Oceľ, hliník a neželezné kovy |4 stn |9 314598 | |
| 774 | 1 | 8 | |t STN EN 10246-8: 2002 |d Bratislava: Slovenský ústav technickej normalizácie 2002 |w vtls001469844 |
| 774 | 1 | 8 | |t STN EN ISO 10246-9: 2003 |d Bratislava: Slovenský ústav technickej normalizácie, 2003 |w vtls001456807 |
| 852 | |a Štátna vedecká knižnica v Banskej Bystrici | ||
| 958 | |a OP | ||
| 958 | |a NB | ||
| 999 | |c 1009921 |d 1011851 | ||
| 952 | |a SNK |b SNK |y PREZ |7 0 |p 17A1050069 |o snkSTN EN ISO 10893-11 |i snk2012/18853 |8 0 |0 0 |1 0 |4 0 |d 2012-09-25 |l 0 |r 2026-02-24 12:49:04 |w 2026-02-24 | ||
| 952 | |a SNK |b SNK |y PREZ |7 0 |p 17A1050070 |o snkSTN EN ISO 10893-11 D1 |i snk2012/18854 |8 0 |0 0 |1 0 |4 0 |d 2012-09-25 |l 0 |r 2026-02-24 12:49:04 |w 2026-02-24 | ||


